000 00609cam a22002053a 4500
001 39120
003 PGUSA
005 20140828083852.0
008 120312s2012||||xxu|||||s|||||000 | eng d
040 _aPGUSA
_beng
042 _adc
100 1 _aFoote, G. W.
_q(George William),
_d1850-1915
245 1 0 _aSalvation Syrup; Or, Light On Darkest England
_h[electronic resource] /
_cG. W. Foote
260 _bProject Gutenberg,
_c2012
506 _aPublic domain in the USA.
516 _aElectronic text
830 0 _aProject Gutenberg
_v39120
856 4 0 _uhttp://www.gutenberg.org/ebooks/39120
942 _cEB
999 _c268373
_d268373